Democracy and Defense Civilian Control of the Military in the United States
Gespeichert in:
| 1. Verfasser: | |
|---|---|
| Format: | Buch |
| Sprache: | Englisch |
| Veröffentlicht: |
Washington
United States Information Agency
1993
|
| Ausgabe: | 1. ed. |
| Schlagworte: | |
| Tags: |
Keine Tags, Fügen Sie das erste Tag hinzu!
|
MARC
| LEADER | 00000nam a2200000 4500 | ||
|---|---|---|---|
| 001 | c005473 | ||
| 005 | 20221206074330.7 | ||
| 041 | 0 | |a eng | |
| 044 | |a US | ||
| 245 | 1 | 0 | |a Democracy and Defense |b Civilian Control of the Military in the United States |c David F. Trask |
| 250 | |a 1. ed. | ||
| 264 | 1 | |a Washington |b United States Information Agency |c 1993 | |
| 300 | |a 48 s. | ||
| 610 | 2 | 0 | |a USA |
| 610 | 2 | 0 | |a demokracia |
| 610 | 2 | 0 | |a obrana štátu |
| 610 | 2 | 0 | |a armáda |
| 610 | 2 | 0 | |a vojny |
| 100 | 1 | |a Trask, David F. | |